00654nam a2200193 a 450000100060000000300080000600500170001400800410003103500190007204000320009104100080012308200250013110000320015624501150018826000460030330000260034950400500037565000350042559511BD-RJUL20211209080735.0161226s1964 nyu b 001 0 eng d a(BD-RJUL)59635 aDLCcWSUdSERdBD-RJULbeng aeng a338.09223bDEI 19641 aDe Schweinitz, Karl,d1920-10aIndustrialization and democracy :beconomic necessities and political possibilities /cKarl De Schweinitz, Jr. aNew York :bFree Press of Glencoe,cc1964 avii, 309 p. ;c22 cm. aIncludes Bibliographical references and index 0aEconomic historyy20th century